| 000 -LEADER |
| fixed length control field |
00311nam a22001337a 4500 |
| 008 - FIXED-LENGTH DATA ELEMENTS--GENERAL INFORMATION |
| fixed length control field |
170502b xxu||||| |||| 00| 0 eng d |
| 020 ## - INTERNATIONAL STANDARD BOOK NUMBER |
| International Standard Book Number |
9780130285737 |
| 041 ## - LANGUAGE CODE |
| Language code of text/sound track or separate title |
eng |
| 080 ## - UNIVERSAL DECIMAL CLASSIFICATION NUMBER |
| Edition identifier |
5 ED |
| Universal Decimal Classification number |
343.9 |
| 100 ## - Rafti |
| Rafti |
13 |
| 101 ## - Shkurtesa |
| Shkurtesa |
SHJ |
| 245 ## - TITLE STATEMENT |
| Title |
COMTEPORARAY CRIMINAL PROCEDURE |
| Statement of responsibility, etc |
HOLTZ.L.E |
| 942 ## - ADDED ENTRY ELEMENTS (KOHA) |
| Source of classification or shelving scheme |
|
| Item type |
Books |